Statistics for Shared Prefixes Quiz #3

Click here to take the quiz!

General Stats

  • This quiz has been taken 44,577 times
    (38,988 since last reset)
  • The average score is 11 of 21

Answer Stats

Words% Correct
{Tri}athlon, {Tri}ceratops
97%
{Astro}physics, {Astro}naut
84%
{Mono}poly, {Mono}gamy
79%
{Bene}ficiary, {Bene}volent
73%
{Milli}pede, {Milli}second
72%
{Post}haste, {Post}graduate
72%
{Homo}phone, {Homo}sexual
66%
{Bio}graphy, {Bio}degrade
65%
{Con}fluence, {Con}verge
63%
{Ante}chamber, {Ante}bellum
55%
{Grand}parent, {Grand}stand
54%
{Eco}logy, {Eco}tourism
53%
{Intra}mural, {Intra}venous
52%
{Equi}distant, {Equi}lateral
50%
{Out}house, {Out}reach
42%
{Ambi}guity, {Ambi}valent
38%
{Belli}cose, {Belli}gerent
30%
{Frat}ricide, {Frat}ernize
26%
{Side}arm, {Side}swipe
23%
{Pseudo}nym, {Pseudo}pod
13%
{Gastro}pod, {Gastro}nome
12%

Score Distribution

Percentile by Number Answered

Percent of People with Each Score

Your Score History

You have not taken this quiz since the last reset